[Event "10th EUR-ch (w)"]
[Site "Sankt Petersburg RUS"]
[Date "2009.03.08"]
[Round "1"]
[White "Tarasova, Viktoria"]
[Black "Arakhamia-Grant, Ketevan"]
[Result "1/2-1/2"]
[WhiteElo "2257"]
[BlackElo "2500"]
[EventDate "2009.03.08"]
[PlyCount "131"]

1.d4 Nf6 2.c4 g6 3.Nc3 Bg7 4.e4 d6 5.Nf3 O-O 6.Be2 e5 7.Be3 Ng4 8.Bg5 f6 
9.Bc1 f5 10.exf5 exd4 11.Bg5 Qe8 12.Nd5 d3 13.Qxd3 Bxf5 14.Qd2 Qd7 15.Ne7+
Kh8 16.Nxf5 Qxf5 17.O-O Nc6 18.h3 Nge5 19.Be3 Rae8 20.Rae1 Qd7 21.Nxe5 
Rxe5 22.b3 Qe7 23.Bd3 Re8 24.Bg5 Bf6 25.Rxe5 Qxe5 26.Bf4 Qc3 27.Rc1 Qxd2 
28.Bxd2 a5 29.Re1 Rxe1+ 30.Bxe1 b6 31.Be4 Nd4 32.Kf1 Kg7 33.f4 Kf7 34.g4 
Ke7 35.h4 Ne6 36.g5 Bg7 37.f5 gxf5 38.Bxf5 h6 39.Bd2 hxg5 40.hxg5 Nd4 41.
Be4 Ke6 42.Kf2 c6 43.Bd3 Be5 44.Kg2 Kf7 45.Kh3 Nf3 46.Bc1 d5 47.cxd5 cxd5 
48.Kg4 Nd4 49.Be3 Bg7 50.Kh5 Ne6 51.Bg6+ Ke7 52.Bf5 d4 53.Bd2 Kf7 54.Bxe6+
Kxe6 55.Kg6 Be5 56.Kh7 Kf5 57.g6 Ke4 58.g7 Bxg7 59.Kxg7 Kd3 60.Bf4 Kc2 61.
Kf6 d3 62.Ke5 Kb2 63.Kd4 Kxa2 64.Kxd3 Kxb3 65.Bc7 a4 66.Ke4 1/2-1/2

[Event "10th EUR-ch (w)"]
[Site "Sankt Petersburg RUS"]
[Date "2009.03.08"]
[Round "1"]
[White "Zhukova, Natalia"]
[Black "Kirillova, Varvara"]
[Result "1/2-1/2"]
[WhiteElo "2490"]
[BlackElo "2246"]
[EventDate "2009.03.08"]
[PlyCount "88"]

1.d4 d6 2.g3 Nf6 3.Bg2 g6 4.e4 Bg7 5.Ne2 O-O 6.O-O e5 7.Nbc3 c6 8.a4 a5 9.
h3 Na6 10.Be3 Nb4 11.f4 Be6 12.f5 Bc4 13.g4 h6 14.Rf2 Qe7 15.dxe5 dxe5 16.
Ng3 Nh7 17.b3 Ba6 18.Bb6 Bf6 19.Qf3 Bg5 20.Nd1 c5 21.Bxa5 Qd6 22.Bxb4 cxb4
23.c4 Qd4 24.Rb1 Rad8 25.Ne2 Qc5 26.Kh2 Rd7 27.Qg3 Rfd8 28.h4 Rxd1 29.Rxd1
Rxd1 30.hxg5 Nxg5 31.Qh4 Kg7 32.Ng3 Qe3 33.Nf1 Qxb3 34.fxg6 fxg6 35.Rf8 
Kxf8 36.Qxh6+ Kf7 37.Qxg5 Bxc4 38.Nd2 Rxd2 39.Qxd2 Qxa4 40.Qd6 Qb5 41.g5 
b3 42.Bh3 b2 43.Qf6+ Ke8 44.Qh8+ Ke7 1/2-1/2

[Event "10th EUR-ch (w)"]
[Site "Sankt Petersburg RUS"]
[Date "2009.03.08"]
[Round "1"]
[White "Hoang Thanh Trang"]
[Black "Mamedyarova, Turkan"]
[Result "1-0"]
[WhiteElo "2483"]
[BlackElo "2245"]
[EventDate "2009.03.08"]
[PlyCount "93"]

1.d4 Nf6 2.c4 e6 3.g3 Bb4+ 4.Bd2 Bxd2+ 5.Nxd2 O-O 6.Bg2 d6 7.Ngf3 Nbd7 8.
O-O e5 9.Qc2 Re8 10.e3 c6 11.Rfd1 e4 12.Ng5 d5 13.h4 Nf8 14.Rdc1 h6 15.Nh3
Bf5 16.cxd5 Nxd5 17.a3 Nd7 18.Nc4 N7f6 19.b4 Qd7 20.Ne5 Qc8 21.Kh2 Rxe5 
22.dxe5 Ng4+ 23.Kh1 Nxe5 24.Nf4 Nxf4 25.exf4 e3 26.Qe2 Nd3 27.Rc3 Nxf2+ 
28.Kg1 Ng4 29.b5 Qd8 30.bxc6 bxc6 31.Bf3 Qd4 32.Rac1 Re8 33.Rc4 Qd2 34.Re1
Rb8 35.Bxg4 Bd3 36.Rb4 Bxe2 37.Rxb8+ Kh7 38.Rxe2 Qd3 39.h5 g6 40.Re8 c5 
41.R8xe3 Qd4 42.Kg2 Kg7 43.hxg6 Kxg6 44.Re5 c4 45.Bh5+ Kg7 46.Kh2 c3 47.
Re7 1-0

[Event "10th EUR-ch (w)"]
[Site "Sankt Petersburg RUS"]
[Date "2009.03.08"]
[Round "1"]
[White "Dolgova, Olga"]
[Black "Pogonina, Natalia"]
[Result "1/2-1/2"]
[WhiteElo "2245"]
[BlackElo "2467"]
[EventDate "2009.03.08"]
[PlyCount "101"]

1.d4 Nf6 2.Nc3 d5 3.Bg5 Nbd7 4.Nf3 g6 5.e3 Bg7 6.Bd3 O-O 7.O-O c5 8.Re1 b6
9.e4 dxe4 10.Nxe4 cxd4 11.Nxd4 Bb7 12.c3 a6 13.Qe2 Re8 14.Rad1 Qc7 15.h4 
Nd5 16.Bb1 e5 17.Nb3 h6 18.Bc1 f5 19.Ng3 Nf4 20.Qd2 Rad8 21.Qd6 Qxd6 22.
Rxd6 Bf8 23.Rd2 Nf6 24.f3 Rxd2 25.Bxd2 N4d5 26.c4 Nb4 27.Bc3 Nc6 28.Kf1 h5
29.Rd1 Kf7 30.Ne2 Ke6 31.a3 a5 32.Ba2 a4 33.Nbc1 Bc5 34.Nd3 Ba6 35.Nb4 Nb8
36.Nxa6 Nxa6 37.Bb1 Be3 38.Bc2 Nc5 39.Bb4 Ra8 40.Nc3 Ra7 41.Nb5 Rd7 42.
Bxc5 Rxd1+ 43.Bxd1 Bxc5 44.Bxa4 e4 45.b4 Be3 46.Nc7+ Ke5 47.Nd5 Nxd5 48.
cxd5 exf3 49.gxf3 Bc1 50.Be8 Bxa3 51.b5 1/2-1/2

[Event "10th EUR-ch (w)"]
[Site "Sankt Petersburg RUS"]
[Date "2009.03.08"]
[Round "1"]
[White "Peng Zhaoqin"]
[Black "Huda, Maryana"]
[Result "1-0"]
[WhiteElo "2461"]
[BlackElo "2240"]
[EventDate "2009.03.08"]
[PlyCount "54"]

1.d4 Nf6 2.c4 g6 3.Nc3 Bg7 4.e4 d6 5.Be2 O-O 6.Bg5 a5 7.f4 Na6 8.Nf3 Qe8 
9.O-O h6 10.Bh4 Bg4 11.Qd2 Bxf3 12.Rxf3 Nd7 13.Rd1 c5 14.d5 Nc7 15.Rdf1 a4
16.a3 Ra6 17.Bd3 e6 18.Rg3 Nf6 19.f5 Nh5 20.Rgf3 exf5 21.exf5 g5 22.f6 
Nxf6 23.Rxf6 gxh4 24.Rxh6 Bd4+ 25.Kh1 Be3 26.Qe2 f5 27.Rh5 Qe5 1-0

[Event "10th EUR-ch (w)"]
[Site "Sankt Petersburg RUS"]
[Date "2009.03.08"]
[Round "1"]
[White "Pahtz, Elisabeth"]
[Black "Tsatsalashvili, Keti"]
[Result "1-0"]
[WhiteElo "2455"]
[BlackElo "2231"]
[EventDate "2009.03.08"]
[PlyCount "113"]

1.e4 c6 2.d4 d5 3.e5 Bf5 4.Nd2 h6 5.Nb3 e6 6.Nf3 Nd7 7.Be2 Ne7 8.O-O Ng6 
9.Ne1 h5 10.Be3 h4 11.a4 Rc8 12.a5 Be7 13.Bg4 Bg5 14.Bxf5 exf5 15.Nd3 h3 
16.g3 Bxe3 17.fxe3 Qg5 18.Qf3 Nh4 19.Qf4 Qxf4 20.Nxf4 Ng6 21.Nxg6 fxg6 22.
g4 fxg4 23.Rf4 g3 24.hxg3 Ke7 25.Raf1 Rcf8 26.Nd2 g5 27.Rf5 Rxf5 28.Rxf5 
Nf8 29.Nf3 g4 30.Nh2 Rh6 31.Rg5 Ne6 32.Rxg4 g5 33.Nf3 Rh8 34.Kh2 Rf8 35.
Nxg5 Rg8 36.Nxe6 Rxg4 37.Nf4 Rg8 38.Kxh3 b6 39.a6 b5 40.g4 Rb8 41.Nd3 Rf8 
42.Kg2 Rb8 43.Kg3 Rg8 44.b3 Rh8 45.Nb4 Rc8 46.g5 Ke6 47.Kg4 c5 48.Nd3 cxd4
49.exd4 Rxc2 50.Nf4+ Kf7 51.Nxd5 Rd2 52.Kf5 Rxd4 53.e6+ Ke8 54.Ke5 Rd1 55.
Kd6 b4 56.g6 Re1 57.g7 1-0

[Event "10th EUR-ch (w)"]
[Site "Sankt Petersburg RUS"]
[Date "2009.03.08"]
[Round "1"]
[White "Gaponenko, Inna"]
[Black "Umudova, Nargiz"]
[Result "1-0"]
[WhiteElo "2450"]
[BlackElo "2227"]
[EventDate "2009.03.08"]
[PlyCount "141"]

1.e4 c5 2.Nf3 Nc6 3.c3 d6 4.d4 Nf6 5.d5 Nb8 6.h3 g6 7.Bd3 Bg7 8.O-O O-O 9.
Bf4 e5 10.dxe6 Bxe6 11.Na3 d5 12.exd5 Nxd5 13.Bg3 Nc6 14.Re1 Qd7 15.Ng5 
Bf5 16.Bxf5 Qxf5 17.Ne4 Rfe8 18.Nd6 Rxe1+ 19.Qxe1 Qd7 20.Rd1 Nf6 21.Ndb5 
Qe8 22.Qf1 Rd8 23.Re1 Qd7 24.Nc4 a6 25.Nb6 Qd2 26.Re2 Qd3 27.Na3 Qf5 28.
Nac4 Bf8 29.Ne3 Qd3 30.Bh4 Bg7 31.Nec4 h6 32.Bg3 Bf8 33.Qe1 Qf5 34.Bc7 Rd3
35.Ne3 Qh5 36.Nf1 Bd6 37.Ng3 Qh4 38.Bxd6 Rxd6 39.Nc8 Rd7 40.Nb6 Rd8 41.Re3
Qf4 42.Qe2 Kg7 43.Nf1 Qf5 44.Qe1 Qc2 45.Re2 Qd3 46.a4 Qd6 47.Nc4 Qf4 48.
Nfe3 Nd5 49.b3 b5 50.axb5 axb5 51.Nxd5 Rxd5 52.Ne3 Rd3 53.Nf1 b4 54.cxb4 
cxb4 55.Re4 Qd6 56.Qa1+ Kh7 57.Re8 Qd4 58.Qa8 Qf6 59.Re3 Rd1 60.Qa6 Kg7 
61.Kh2 Qxf2 62.Qxc6 Rxf1 63.Qe4 h5 64.Qe5+ Kh7 65.Re2 Qg1+ 66.Kg3 Rc1 67.
Qf6 Rc3+ 68.Kh4 Rc7 69.Re8 g5+ 70.Kxh5 Qd1+ 71.g4 1-0

[Event "10th EUR-ch (w)"]
[Site "Sankt Petersburg RUS"]
[Date "2009.03.08"]
[Round "1"]
[White "Kovalevskaya, Ekaterina"]
[Black "Ivakhinova, Inna"]
[Result "1-0"]
[WhiteElo "2442"]
[BlackElo "2225"]
[EventDate "2009.03.08"]
[PlyCount "121"]

1.c4 c5 2.Nf3 Nc6 3.d4 cxd4 4.Nxd4 Nf6 5.Nc3 e6 6.a3 Bc5 7.Nb3 Be7 8.e4 
O-O 9.Be2 b6 10.O-O Bb7 11.Bf4 d6 12.Qd2 a6 13.Rfd1 Ne5 14.c5 bxc5 15.Nxc5
dxc5 16.Bxe5 Qxd2 17.Rxd2 Rfd8 18.Rxd8+ Rxd8 19.f3 Kf8 20.Rd1 Rxd1+ 21.
Nxd1 Nd7 22.Bc3 Bf6 23.Bxf6 Nxf6 24.Kf2 Ke7 25.Ke3 Kd6 26.b3 Nd7 27.Nb2 
Nb6 28.Bc4 f6 29.f4 h6 30.g3 Nd7 31.Nd3 Bc8 32.Nf2 Bb7 33.Be2 Nb8 34.Nd3 
Nc6 35.Nb2 Na5 36.Bc4 Nc6 37.Nd3 Bc8 38.Nf2 Bb7 39.e5+ fxe5 40.Ne4+ Kc7 
41.Nxc5 exf4+ 42.gxf4 e5 43.Nxb7 Kxb7 44.Bd5 Kb6 45.Bxc6 exf4+ 46.Kxf4 
Kxc6 47.Kf5 Kd5 48.Kg6 Kd4 49.Kxg7 Kc3 50.Kxh6 Kxb3 51.h4 Kxa3 52.h5 a5 
53.Kg5 a4 54.h6 Kb2 55.h7 a3 56.h8=Q+ Kb1 57.Qh1+ Kb2 58.Qg2+ Kb1 59.Qf1+ 
Kb2 60.Qe2+ Kb1 61.Qd1+ 1-0

[Event "10th EUR-ch (w)"]
[Site "Sankt Petersburg RUS"]
[Date "2009.03.08"]
[Round "1"]
[White "Lelekova, Olga"]
[Black "Lomineishvili, Maia"]
[Result "0-1"]
[WhiteElo "2222"]
[BlackElo "2437"]
[EventDate "2009.03.08"]
[PlyCount "130"]

1.e4 c5 2.Nf3 d6 3.d4 cxd4 4.Nxd4 Nf6 5.Nc3 Nc6 6.Bc4 Bd7 7.Be3 Ng4 8.Nxc6
bxc6 9.Bf4 e5 10.Bg3 Be7 11.O-O O-O 12.Bb3 a5 13.h3 Nf6 14.f4 a4 15.fxe5 
dxe5 16.Nxa4 Nxe4 17.Bxe5 Rxa4 18.Bxa4 Qa5 19.Bf4 Bxh3 20.gxh3 Qxa4 21.c3 
Qb5 22.Qf3 f5 23.Qg2 Rf6 24.a4 Qc4 25.Kh2 Rg6 26.Qf3 Qb3 27.Qe2 Re6 28.Qg2
Rg6 29.Qe2 Re6 30.Rf3 Bd6 31.Bxd6 Rxd6 32.Kh1 Rd2 33.Qf1 Qd5 34.Qe1 h6 35.
c4 Qe5 36.Qg1 Ng5 37.Re3 Qf4 38.Rf1 Qxc4 39.Rxf5 Qc2 40.Rf1 Qxa4 41.Qg3 
Qc4 42.Rfe1 Qd5+ 43.Kg1 Qd4 44.b3 Kh7 45.h4 Ne6 46.Qh3 Nf8 47.Qf5+ Kg8 48.
Qe4 Qd7 49.Qc4+ Kh7 50.Rg3 Rd4 51.Qc5 Ng6 52.h5 Nf4 53.Kf1 Nd3 54.Rxg7+ 
Kxg7 55.Re7+ Kf6 56.Rxd7 Rf4+ 57.Qf2 Rxf2+ 58.Kg1 Rf3 59.Rd6+ Kg5 60.Rxc6 
Kxh5 61.Rc4 Nf4 62.b4 Kg4 63.b5 Rb3 64.Rc6 h5 65.b6 Kg3 0-1

[Event "10th EUR-ch (w)"]
[Site "Sankt Petersburg RUS"]
[Date "2009.03.08"]
[Round "1"]
[White "Bogumil, Tatiana"]
[Black "Muzychuk, Maria"]
[Result "0-1"]
[WhiteElo "2218"]
[BlackElo "2427"]
[EventDate "2009.03.08"]
[PlyCount "58"]

1.Nf3 f5 2.g3 Nf6 3.Bg2 g6 4.O-O Bg7 5.c4 O-O 6.Nc3 d6 7.d4 e6 8.Bg5 h6 9.
Bxf6 Qxf6 10.e4 e5 11.dxe5 dxe5 12.Nd5 Qf7 13.Nh4 c6 14.Ne7+ Qxe7 15.Nxg6 
Qf6 16.Nxf8 Qxf8 17.exf5 Bxf5 18.Qe2 Nd7 19.Be4 Nc5 20.Bxf5 Qxf5 21.Rad1 
Ne6 22.c5 Nd4 23.Qc4+ Kh8 24.f3 Nxf3+ 25.Kg2 e4 26.b4 Rf8 27.Qe2 Be5 28.
Rf2 Qh5 29.Rh1 Bd4 0-1

[Event "10th EUR-ch (w)"]
[Site "Sankt Petersburg RUS"]
[Date "2009.03.08"]
[Round "1"]
[White "Matveeva, Svetlana"]
[Black "Bezgodova, Svetlana"]
[Result "1-0"]
[WhiteElo "2422"]
[BlackElo "2214"]
[EventDate "2009.03.08"]
[PlyCount "129"]

1.d4 d5 2.c4 e6 3.Nc3 c5 4.cxd5 exd5 5.Nf3 Nc6 6.g3 Nf6 7.Bg2 Be7 8.O-O 
O-O 9.dxc5 Bxc5 10.a3 Be6 11.b4 Be7 12.Bb2 Ne4 13.Rc1 Rc8 14.Nxe4 dxe4 15.
Nd4 Qd5 16.Nxc6 bxc6 17.Qc2 f5 18.f3 Qb3 19.Qxb3 Bxb3 20.fxe4 Bg5 21.Rc3 
Ba4 22.Rcf3 Bb5 23.Rxf5 Be3+ 24.Kh1 Rxf5 25.exf5 Rd8 26.Bc1 Bb6 27.Bf3 c5 
28.Bg5 Rd7 29.Rc1 c4 30.a4 Bxa4 31.Rxc4 Rd1+ 32.Kg2 Bd7 33.e4 Rg1+ 34.Kh3 
g6 35.Rc1 Rxc1 36.Bxc1 gxf5 37.exf5 Bxf5+ 38.Bg4 Be4 39.Be6+ Kg7 40.Bd2 
Bf3 41.g4 Bd4 42.Kg3 Bc6 43.h4 Bb5 44.Kf4 a6 45.Ke4 Bb2 46.g5 Be2 47.Bf5 
Bb5 48.h5 Bc4 49.h6+ Kg8 50.Ke3 Bd5 51.Bd3 Bb7 52.Bc4+ Kf8 53.Kd3 Bc8 54.
Kc2 Be5 55.Kb3 Bd4 56.Bc3 Be3 57.Bg7+ Ke7 58.Bf6+ Kf8 59.g6 Bxh6 60.gxh7 
Bg7 61.h8=Q+ Bxh8 62.Bxh8 Ke7 63.Ka4 Kd6 64.Ka5 Kc6 65.Bxa6 1-0

[Event "10th EUR-ch (w)"]
[Site "Sankt Petersburg RUS"]
[Date "2009.03.08"]
[Round "1"]
[White "Kouvatsou, Maria"]
[Black "Melia, Salome"]
[Result "0-1"]
[WhiteElo "2208"]
[BlackElo "2422"]
[EventDate "2009.03.08"]
[PlyCount "72"]

1.e4 c5 2.Nf3 d6 3.c3 Nf6 4.Be2 g6 5.O-O Bg7 6.Re1 O-O 7.Bf1 Nc6 8.h3 e5 
9.d4 exd4 10.cxd4 d5 11.e5 Ne4 12.dxc5 Re8 13.Bf4 g5 14.Bg3 Nxg3 15.fxg3 
g4 16.hxg4 Nxe5 17.Nc3 Bxg4 18.Be2 Nxf3+ 19.gxf3 Be6 20.Bb5 Qc7 21.Kg2 
Red8 22.Bd3 Qxc5 23.Rh1 h6 24.Rc1 Qd4 25.Rh4 Qf6 26.Bb1 Rac8 27.Qd3 d4 28.
Ne4 Qg6 29.Re1 Bc4 30.Qd2 d3 31.Rg4 Qb6 32.Qc3 Rd4 33.Qd2 f5 34.Rxg7+ Kxg7
35.Nf2 Qd6 36.Nh3 Bxa2 0-1

[Event "10th EUR-ch (w)"]
[Site "Sankt Petersburg RUS"]
[Date "2009.03.08"]
[Round "1"]
[White "Khurtsidze, Nino"]
[Black "Limontaite, Simona"]
[Result "1/2-1/2"]
[WhiteElo "2421"]
[BlackElo "2206"]
[EventDate "2009.03.08"]
[PlyCount "100"]

1.d4 d5 2.c4 e6 3.cxd5 exd5 4.Nc3 c6 5.Qc2 g6 6.Bf4 Nf6 7.e3 Bf5 8.Bd3 
Bxd3 9.Qxd3 Bg7 10.Nf3 O-O 11.O-O Nbd7 12.b4 Re8 13.Nd2 Nh5 14.Bg3 Nxg3 
15.hxg3 b5 16.a4 a6 17.Ra2 Qe7 18.Rfa1 Nb6 19.Qb1 Bf8 20.Rb2 Reb8 21.Qc1 
Qd7 22.Qc2 Nxa4 23.Nxa4 bxa4 24.Rxa4 Rb5 25.Nf3 Qb7 26.Ne5 c5 27.dxc5 Bxc5
28.Nd3 Bf8 29.Qd2 Rc8 30.Rba2 Rc6 31.Ra5 Rcb6 32.Nc5 Bxc5 33.bxc5 Rb1+ 34.
Kh2 Rf6 35.Qd4 Re6 36.Rd2 g5 37.Rd1 Rh6+ 38.Kg1 Rxd1+ 39.Qxd1 Qb4 40.Qa1 
Rc6 41.Rxa6 Rxa6 42.Qxa6 Qxc5 43.Qf6 h6 44.Qxh6 Qe7 45.g4 Qe5 46.Qb6 Qa1+ 
47.Kh2 Qh8+ 48.Kg3 Qe5+ 49.Kf3 Qe4+ 50.Kg3 Qe5+ 1/2-1/2

[Event "10th EUR-ch (w)"]
[Site "Sankt Petersburg RUS"]
[Date "2009.03.08"]
[Round "1"]
[White "Makka, Ioulia"]
[Black "Khukhashvili, Sopiko"]
[Result "0-1"]
[WhiteElo "2203"]
[BlackElo "2416"]
[EventDate "2009.03.08"]
[PlyCount "74"]

1.e4 c5 2.Nf3 d6 3.d4 cxd4 4.Nxd4 Nf6 5.Nc3 Nc6 6.Be2 g6 7.O-O Bg7 8.Nb3 
O-O 9.Re1 b6 10.Bg5 Bb7 11.Bf1 Nd7 12.Rb1 Rc8 13.Nd5 f6 14.Bh4 e6 15.Nf4 
Qe7 16.Bg3 Nde5 17.c3 g5 18.Nd3 Ng6 19.a3 Nce5 20.Nd4 Rcd8 21.Qb3 d5 22.
Nb4 dxe4 23.Nxe6 Qf7 24.Qa2 Nd3 25.Bxd3 exd3 26.Nxd8 Qxa2 27.Nxa2 Rxd8 28.
Red1 h5 29.f3 h4 30.Bc7 Rd7 31.Bb8 h3 32.g3 Bxf3 33.Rd2 Bf8 34.Kf2 Bg2 35.
Nb4 Bc5+ 36.Ke1 Re7+ 37.Kd1 Bf3+ 0-1

[Event "10th EUR-ch (w)"]
[Site "Sankt Petersburg RUS"]
[Date "2009.03.08"]
[Round "1"]
[White "Butuc, Maria"]
[Black "Foisor, Cristina"]
[Result "0-1"]
[WhiteElo "2182"]
[BlackElo "2412"]
[EventDate "2009.03.08"]
[PlyCount "52"]

1.d4 g6 2.c4 Bg7 3.Nf3 d6 4.g3 Nd7 5.Bg2 e5 6.e4 exd4 7.Nxd4 Ne7 8.O-O O-O
9.Nc3 a6 10.h3 Rb8 11.Be3 Ne5 12.Qe2 c5 13.Nf3 Nxf3+ 14.Bxf3 Nc6 15.Bg4 
Re8 16.Qc2 Bxg4 17.hxg4 Bxc3 18.Qxc3 Rxe4 19.f3 Re6 20.g5 Qc7 21.Rae1 Rbe8
22.Kf2 Ne5 23.Rh1 b5 24.cxb5 axb5 25.a3 c4 26.Re2 Qb7 0-1

[Event "10th EUR-ch (w)"]
[Site "Sankt Petersburg RUS"]
[Date "2009.03.08"]
[Round "1"]
[White "Peptan, Corina-Isabela"]
[Black "Hairapetian, Anna"]
[Result "1/2-1/2"]
[WhiteElo "2401"]
[BlackElo "2177"]
[EventDate "2009.03.08"]
[PlyCount "110"]

1.e4 c5 2.Nf3 d6 3.Nc3 Nf6 4.d4 cxd4 5.Nxd4 g6 6.Be2 Bg7 7.O-O O-O 8.Be3 
Nc6 9.Nb3 Be6 10.f3 a5 11.Na4 Nd7 12.f4 Rc8 13.f5 Bxb3 14.axb3 Nce5 15.c4 
b6 16.Nc3 Nc5 17.Bd4 e6 18.Na4 Qh4 19.Nxb6 Rb8 20.Bxc5 dxc5 21.Na4 Bh6 22.
Qe1 Qxe4 23.fxe6 fxe6 24.Kh1 Be3 25.Nc3 Qc2 26.Qg3 Bd4 27.Rae1 Bxc3 28.
bxc3 Qxe2 29.Rg1 Qf2 30.Qxe5 Qf5 31.Qe2 e5 32.h3 Rfe8 33.Rgf1 Qe6 34.Qe3 
Rxb3 35.Qxc5 Rxc3 36.Re4 Rxh3+ 37.Kg1 Rc3 38.Rfe1 Rc8 39.Qxa5 R3xc4 40.
Rxe5 Qd7 41.Rd5 Qc7 42.Qb5 Qa7+ 43.Kh2 Rh4+ 44.Kg3 Rc3+ 45.Rd3 Qc7+ 46.
Kxh4 Qh2+ 47.Kg4 Qxg2+ 48.Kf4 Qf2+ 49.Kg4 h5+ 50.Kg5 Rc5+ 51.Re5 Rxb5 52.
Rd8+ Kf7 53.Rd7+ Kf8 54.Rd8+ Kf7 55.Rd7+ Kf8 1/2-1/2

[Event "10th EUR-ch (w)"]
[Site "Sankt Petersburg RUS"]
[Date "2009.03.08"]
[Round "1"]
[White "Kovanova, Baira"]
[Black "Zainullina, Natalia"]
[Result "1/2-1/2"]
[WhiteElo "2386"]
[BlackElo "2173"]
[EventDate "2009.03.08"]
[PlyCount "79"]

1.Nf3 Nf6 2.c4 e6 3.g3 b6 4.Bg2 Bb7 5.O-O Be7 6.b3 O-O 7.Bb2 c5 8.e3 d5 9.
Nc3 Nc6 10.cxd5 Nxd5 11.Nxd5 Qxd5 12.d4 Qd8 13.dxc5 Bxc5 14.Ne5 Nxe5 15.
Bxb7 Rb8 16.Be4 Ng6 17.Qe2 Qe7 18.h4 Rfd8 19.Rfd1 Ba3 20.Bxa3 Qxa3 21.Rac1
Qe7 22.Qa6 Rxd1+ 23.Rxd1 Qc7 24.Qd3 Nf8 25.b4 Rc8 26.b5 Qc4 27.Bc6 Qxd3 
28.Rxd3 f6 29.Kf1 Kf7 30.Ke2 Ke7 31.e4 e5 32.f4 exf4 33.gxf4 Rc7 34.Ke3 
Ne6 35.f5 Nd8 36.Bd5 Nf7 37.Kf4 Ne5 38.Rg3 Kd6 39.a4 Kc5 40.Rc3+ 1/2-1/2

[Event "10th EUR-ch (w)"]
[Site "Sankt Petersburg RUS"]
[Date "2009.03.08"]
[Round "1"]
[White "Avdeenko, Tatiana"]
[Black "Zawadzka, Jolanta"]
[Result "0-1"]
[WhiteElo "2168"]
[BlackElo "2385"]
[EventDate "2009.03.08"]
[PlyCount "102"]

1.e4 c5 2.Nc3 e6 3.f4 Nc6 4.Nf3 d5 5.Bb5 Ne7 6.Qe2 dxe4 7.Nxe4 a6 8.Bxc6+ 
Nxc6 9.d3 Be7 10.O-O O-O 11.Kh1 b6 12.Qf2 h6 13.Be3 Bb7 14.a3 Rc8 15.b4 
cxb4 16.Bxb6 Qd5 17.Nc5 Ba8 18.Nxa6 bxa3 19.Rfd1 Qf5 20.Qe3 Bd6 21.d4 Bxf4
22.Qxa3 Qxc2 23.Qd3 Qxd3 24.Rxd3 Ne7 25.Bc5 Rfe8 26.g3 Bg5 27.Kg1 Bf6 28.
Kf2 Nd5 29.Rb1 Bc6 30.Ne5 Red8 31.Nxc6 Rxc6 32.Nb8 Rcc8 33.Na6 Ra8 34.Nb4 
Nxb4 35.Rxb4 Ra2+ 36.Kg1 Rc2 37.Ba7 Rd5 38.Bb6 e5 39.h4 Kh7 40.Kf1 Kg6 41.
Rd1 exd4 42.Bxd4 Rc6 43.Ke2 Rcd6 44.Ke3 Bxd4+ 45.Rdxd4 Rxd4 46.Rxd4 Rxd4 
47.Kxd4 Kf5 48.Ke3 Kg4 49.Kf2 f5 50.Kg2 f4 51.gxf4 Kxf4 0-1

[Event "10th EUR-ch (w)"]
[Site "Sankt Petersburg RUS"]
[Date "2009.03.08"]
[Round "1"]
[White "Bodnaruk, Anastasia"]
[Black "Kazimova, Narmin"]
[Result "1-0"]
[WhiteElo "2384"]
[BlackElo "2165"]
[EventDate "2009.03.08"]
[PlyCount "59"]

1.e4 c5 2.Nf3 d6 3.d4 cxd4 4.Nxd4 Nf6 5.Nc3 a6 6.Be3 e6 7.g4 h6 8.Bg2 Nc6 
9.h3 Qc7 10.Qe2 Bd7 11.f4 Rc8 12.O-O-O b5 13.Rhe1 Na5 14.Nf5 b4 15.Nd5 
exd5 16.e5 dxe5 17.fxe5 Bxf5 18.gxf5 Nh7 19.Bxd5 Bc5 20.Qg2 Bxe3+ 21.Rxe3 
O-O 22.Rg1 Ng5 23.h4 Nc4 24.Bxc4 Qxc4 25.hxg5 hxg5 26.Kb1 Rfd8 27.b3 Qf4 
28.Rh3 Qd2 29.Qxd2 Rxd2 30.Rgh1 1-0

[Event "10th EUR-ch (w)"]
[Site "Sankt Petersburg RUS"]
[Date "2009.03.08"]
[Round "1"]
[White "Turova, Irina"]
[Black "Cherednichenko, Elena"]
[Result "1-0"]
[WhiteElo "2379"]
[BlackElo "2161"]
[EventDate "2009.03.08"]
[PlyCount "105"]

1.d4 Nf6 2.c4 e6 3.Nc3 Bb4 4.Bg5 h6 5.Bh4 O-O 6.Nf3 b6 7.Rc1 Bb7 8.e3 d6 
9.Be2 Nbd7 10.O-O Bxc3 11.Rxc3 Qc8 12.Nd2 c5 13.a3 Qc7 14.Rc1 a5 15.Nb1 g5
16.Bg3 Ne4 17.Nc3 Nxc3 18.Rxc3 cxd4 19.exd4 f5 20.f3 f4 21.Bf2 Rae8 22.Bd3
e5 23.Bg6 Re6 24.Qc2 Kg7 25.Bf5 Re7 26.Re1 Nb8 27.dxe5 dxe5 28.c5 b5 29.c6
Bc8 30.Bd3 b4 31.axb4 axb4 32.Rc5 Rf6 33.Be4 Na6 34.Rb5 Qd8 35.Ra1 Rd6 36.
Bb6 Qe8 37.Rba5 Nc7 38.Bc5 Rxc6 39.Bxc6 Qxc6 40.Qe4 Re6 41.Qxc6 Rxc6 42.
Bxb4 Na6 43.Bc3 Kg6 44.Rxe5 Nc5 45.Ra7 Nd3 46.Rd5 Nc1 47.Rg7+ Kh5 48.Bd2 
Ba6 49.g4+ fxg3 50.hxg3 Ne2+ 51.Kg2 Rc2 52.g4+ Kh4 53.Bxg5+ 1-0

[Event "10th EUR-ch (w)"]
[Site "Sankt Petersburg RUS"]
[Date "2009.03.08"]
[Round "1"]
[White "Mednikova, Svetlana"]
[Black "Stepovaya, Tatiana"]
[Result "1/2-1/2"]
[WhiteElo "2160"]
[BlackElo "2379"]
[EventDate "2009.03.08"]
[PlyCount "108"]

1.e4 c5 2.Nf3 e6 3.c3 Nf6 4.e5 Nd5 5.d4 cxd4 6.cxd4 Nc6 7.Bc4 Nb6 8.Bb3 d6
9.Qe2 dxe5 10.dxe5 Nb4 11.O-O Qd3 12.Qe3 Qxe3 13.Bxe3 N4d5 14.Bd4 Bd7 15.
Nc3 Bc6 16.Rfd1 Be7 17.Nxd5 Nxd5 18.Rac1 O-O 19.Bc4 a6 20.Bf1 Rac8 21.Nd2 
Bg5 22.g3 Ba4 23.Rxc8 Rxc8 24.b3 Bxd2 25.Rxd2 Bd7 26.Bb2 Bc6 27.Bg2 h5 28.
f4 Ne3 29.Bxc6 Rxc6 30.Kf2 Nd1+ 31.Ke2 Nxb2 32.Rxb2 Kh7 33.Ke3 Kg6 34.Rd2 
Rc1 35.Ke4 a5 36.Re2 a4 37.bxa4 Rc4+ 38.Kf3 Rxa4 39.Rb2 Ra7 40.Ke4 f6 41.
exf6 gxf6 42.Kf3 Kf5 43.h3 Ra3+ 44.Rb3 Rxa2 45.g4+ Kg6 46.Rxb7 Ra3+ 47.Kg2
h4 48.Re7 Ra2+ 49.Kf3 Rh2 50.Rxe6 Rxh3+ 51.Kf2 Kf7 52.Re3 Rh2+ 53.Kg1 Rb2 
54.Rh3 Rb4 1/2-1/2

[Event "10th EUR-ch (w)"]
[Site "Sankt Petersburg RUS"]
[Date "2009.03.08"]
[Round "1"]
[White "Rozhko, Maria"]
[Black "Cherednichenko, Svetlana"]
[Result "0-1"]
[WhiteElo "2134"]
[BlackElo "2367"]
[EventDate "2009.03.08"]
[PlyCount "128"]

1.d4 Nf6 2.Nf3 g6 3.Bg5 Bg7 4.Nbd2 d6 5.e4 O-O 6.c3 h6 7.Bh4 c5 8.dxc5 
dxc5 9.Bc4 Nc6 10.a4 Bg4 11.Qc2 g5 12.Bg3 Nh5 13.O-O Nxg3 14.hxg3 Qc7 15.
Rfe1 Bh5 16.Rad1 e6 17.Be2 Bg6 18.Nc4 Rad8 19.Bd3 a6 20.Qe2 b5 21.axb5 
axb5 22.Ne3 c4 23.Bc2 Rxd1 24.Rxd1 Rd8 25.Rxd8+ Qxd8 26.Qd2 Qxd2 27.Nxd2 
h5 28.f3 Be5 29.Kf2 h4 30.gxh4 gxh4 31.Nb1 Kf8 32.Nd2 Ke7 33.Bd1 Kd6 34.
Be2 Bg3+ 35.Kf1 Bf4 36.Kf2 Bg3+ 37.Kf1 Be5 38.Kf2 Kc5 39.Ndf1 Na5 40.Nd2 
Bg3+ 41.Kf1 Bf4 42.Kf2 Be5 43.Nc2 Bf4 44.Ne3 f6 45.Bf1 Be8 46.Ke2 b4 47.
Ng4 bxc3 48.bxc3 Bb5 49.Nb1 Bg5 50.Ke1 f5 51.Nf2 Ba4 52.exf5 exf5 53.Nh3 
Bc1 54.Ng1 Bc2 55.Nd2 Bb2 56.Ne2 Bd3 57.Kd1 Bxe2+ 58.Bxe2 Bxc3 59.Kc2 Bxd2
60.Kxd2 Kd4 61.Bd1 Nb3+ 62.Ke2 Nc1+ 63.Ke1 Ke3 64.Bc2 Nd3+ 0-1

[Event "10th EUR-ch (w)"]
[Site "Sankt Petersburg RUS"]
[Date "2009.03.08"]
[Round "1"]
[White "Zayats, Elena"]
[Black "Jinova, Lucie"]
[Result "1-0"]
[WhiteElo "2364"]
[BlackElo "2131"]
[EventDate "2009.03.08"]
[PlyCount "81"]

1.d4 Nf6 2.c4 g6 3.Nc3 Bg7 4.e4 d6 5.Be2 O-O 6.Bg5 Na6 7.Nf3 h6 8.Bh4 c6 
9.Nd2 e5 10.d5 Qe8 11.O-O Nh7 12.Nb3 g5 13.Bg3 f5 14.exf5 Bxf5 15.dxc6 
Qxc6 16.Qd5+ Kh8 17.Qxc6 bxc6 18.Rfd1 Rfd8 19.Na5 Nb4 20.a3 Nc2 21.Nxc6 
Rdc8 22.Ne7 Nxa1 23.Nxf5 Nb3 24.Nxg7 Kxg7 25.Rxd6 Re8 26.Bh5 Red8 27.Bxe5+
Kf8 28.Rxh6 Rd7 29.Nd5 Rc8 30.Bd6+ Rxd6 31.Rxd6 Rxc4 32.Rd8+ Kg7 33.Ne3 
Rc7 34.h3 Nf6 35.Nf5+ Kh7 36.Bd1 Rc1 37.Ne3 Kg6 38.Kh2 Nc5 39.Rc8 Kf7 40.
Be2 Nd3 41.Rc3 1-0

[Event "10th EUR-ch (w)"]
[Site "Sankt Petersburg RUS"]
[Date "2009.03.08"]
[Round "1"]
[White "Malgina, Tatiana"]
[Black "Makka, Evanthia"]
[Result "1-0"]
[WhiteElo "2342"]
[BlackElo "2110"]
[EventDate "2009.03.08"]
[PlyCount "55"]

1.d4 d5 2.c4 c6 3.Nf3 Nf6 4.Nc3 dxc4 5.e4 b5 6.e5 Nd5 7.a4 e6 8.axb5 Nxc3 
9.bxc3 cxb5 10.Ng5 Bb7 11.Qh5 g6 12.Qg4 Be7 13.Be2 Bd5 14.Bf3 Nc6 15.O-O 
h5 16.Qg3 a5 17.Ne4 Ra7 18.Nd6+ Bxd6 19.Bxd5 exd5 20.exd6 Kf8 21.Bg5 Qd7 
22.Bf6 Rh7 23.Rfe1 Qf5 24.Qe3 Ra8 25.Rxa5 Rc8 26.Be7+ Kg7 27.Rxb5 Rhh8 28.
Qf3 1-0

[Event "10th EUR-ch (w)"]
[Site "Sankt Petersburg RUS"]
[Date "2009.03.08"]
[Round "1"]
[White "Baciu, Diana"]
[Black "Gritsaeva, Oksana"]
[Result "0-1"]
[WhiteElo "2107"]
[BlackElo "2341"]
[EventDate "2009.03.08"]
[PlyCount "64"]

1.e4 c5 2.Nf3 d6 3.d4 cxd4 4.Nxd4 Nf6 5.f3 a6 6.c4 e6 7.Nc3 Be7 8.Be3 O-O 
9.Be2 b6 10.O-O Bb7 11.Qd2 Nbd7 12.Rac1 Re8 13.Rfd1 Bf8 14.b4 Rc8 15.a3 
Qc7 16.Nb3 Qb8 17.Qd4 d5 18.exd5 Bd6 19.f4 e5 20.Qd3 exf4 21.Bd4 f3 22.
Bxf3 Bxh2+ 23.Kh1 Bf4 24.Rc2 Ne5 25.Qf5 Nxc4 26.Ne4 Nxe4 27.Bxe4 g6 28.Qf6
Be5 29.Bxe5 Qxe5 30.Qxe5 Nxe5 31.g3 Ng4 32.Rxc8 Bxc8 0-1